| 000 | 00495nam a2200181Ia 4500 | ||
|---|---|---|---|
| 003 | GCL | ||
| 008 | 140319s9999 xx 000 0 eng d | ||
| 040 |
_aGCL / _cGCL |
||
| 082 | 0 | 4 |
_a701.18 _bD A |
| 100 | 1 | _aDUNCAN, CAROL | |
| 245 | 1 | 0 |
_aTHE AESTHETICS OF POWER: ESSAYS IN CRITICAL ART HISTORY / _cDUNCAN, CAROL |
| 260 |
_a[S.N] : _bCAMBRIDGE UNIVERSITY PRESS ، _c1993 |
||
| 300 | _a230 P | ||
| 650 | 0 | 4 | _aARTS |
| 650 | 0 | 4 | _aART - AESTHETICS |
| 650 | 0 | 4 | _aART - CRITICISM |
| 942 |
_2ddc _cBK |
||
| 999 |
_c13782 _d13782 |
||